header

Black, brown, yellow, and left (Record no. 69928)

MARC details
000 -LEADER
fixed length control field 01648nam a2200373Ia 4500
082 04 - DEWEY DECIMAL CLASSIFICATION NUMBER
Classification number 305.8/009794/909047
100 1# - MAIN ENTRY--AUTHOR NAME
Personal name Pulido, Laura.
245 10 - TITLE STATEMENT
Title Black, brown, yellow, and left
260 ## - PUBLICATION, DISTRIBUTION, ETC. (IMPRINT)
Place of publication Berkeley :
Name of publisher University of California Press,
Year of publication 2006.
300 ## - PHYSICAL DESCRIPTION
Number of Pages xv, 346 p. :
Other physical details ill.
490 1# - SERIES STATEMENT
Series statement American crossroads ;
650 #0 - SUBJECT ADDED ENTRY--TOPICAL TERM
Topical Term Radicalism
Topical Term Right and left (Political science)
Topical Term African Americans
Topical Term Mexican Americans
Topical Term Japanese Americans
856 40 - ELECTRONIC LOCATION AND ACCESS
Uniform Resource Identifier http://site.ebrary.com/lib/rucke/Doc?id=10088449

No items available.

© 2026 Rongo University
Contact us: librarian | system librarian | Rongo university